[Event "Hamburg-chT Landesliga 1314"]
[Site "Hamburg"]
[Date "2014.04.12"]
[Round "8.2"]
[White "Wolter, Michael"]
[Black "Hawellek, Jeronimo"]
[Result "0-1"]
[WhiteElo "2189"]
[BlackElo "2349"]
[PlyCount "88"]
[EventDate "2013.10.13"]
[EventType "team-tourn"]
[EventRounds "9"]
[EventCountry "GER"]
[SourceTitle "EXT 2022"]
[Source "ChessBase"]
[SourceDate "2021.10.06"]
[SourceVersion "1"]
[SourceVersionDate "2021.10.06"]
[SourceQuality "1"]
[WhiteTeam "Hamburg Koenigsspringer II"]
[BlackTeam "Marmstorf"]
[WhiteTeamCountry "GER"]
[BlackTeamCountry "GER"]

1. Nf3 f5 2. d3 Nc6 3. e4 e5 4. Nc3 Nf6 5. Bg5 Bb4 6. Be2 h6 7. Bxf6 Bxc3+ 8. bxc3 Qxf6 9. exf5 d5 10. 0-0 Bxf5 11. Nd2 0-0 12. Rb1 b6 13. Bg4 Na5 14. Qf3 Bxg4 15. Qxg4 Qc6 16. Qb4 Rf4 17. Qb2 Raf8 18. Rbe1 R8f5 19. g3 Rg5 20. Re2 Rf7 21. Nb3 Nb7 22. Qa1 Qf6 23. Qe1 Nd6 24. Nd2 Kh7 25. Kh1 Rf5 26. f3 e4 27. dxe4 dxe4 28. Nxe4 Nxe4 29. Rxe4 Rxf3 30. Rxf3 Qxf3+ 31. Kg1 c5 32. Re3 Qf5 33. Qe2 Rd7 34. Rd3 Rf7 35. Re3 Qf6 36. Qd3+ g6 37. Qe2 b5 38. Re5 Qa6 39. a3 Rd7 40. Kf2 Kg7 41. Kg2 c4 42. Qe4 Qf6 43. Rxb5 Rd2+ 44. Kh3 Qf1+ 0-1

[Event "Hamburg St Pauli op-A"]
[Site "Hamburg"]
[Date "2010.07.14"]
[Round "6"]
[White "Koenig, Dirk"]
[Black "Wolter, Michael"]
[Result "1-0"]
[WhiteElo "2106"]
[BlackElo "2197"]
[PlyCount "69"]
[EventDate "2010.07.10"]
[EventType "swiss"]
[EventRounds "9"]
[EventCountry "GER"]
[SourceTitle "EXT 2013"]
[Source "ChessBase"]
[SourceDate "2012.11.22"]
[SourceVersion "1"]
[SourceVersionDate "2012.11.22"]
[SourceQuality "1"]

1. f4 d5 2. b3 Nf6 3. Bb2 g6 4. e3 Bg7 5. Nf3 0-0 6. Be2 c5 7. 0-0 Nbd7 8. Qe1 e6 9. a4 b6 10. Ne5 Nxe5 11. fxe5 Nd7 12. d4 Bb7 13. Bb5 Rc8 14. Bxd7 Qxd7 15. Nc3 f6 16. exf6 Bxf6 17. dxc5 Qg7 18. Rb1 Rxc5 19. Rxf6 Rxf6 20. Ne2 Rxc2 21. Bxf6 Qxf6 22. Nd4 Rc8 23. Qg3 Rf8 24. h3 e5 25. Nf3 Re8 26. Rf1 Qg7 27. Ng5 Re7 28. Qg4 Qh6 29. Kh2 Ba6 30. Rf6 Qg7 31. Rf2 h5 32. Qb4 Rd7 33. h4 Bd3 34. Qc3 Ba6 35. Qc6 1-0

[Event "LSS OP-2009-0-00927"]
[Site "LSS email"]
[Date "2009.08.27"]
[Round "?"]
[White "Wolter, Michael"]
[Black "Marculescu, Gheorghe"]
[Result "0-1"]
[WhiteElo "1000"]
[BlackElo "1771"]
[PlyCount "24"]
[EventDate "2009.08.20"]
[EventType "tourn (corr)"]
[EventRounds "4"]
[EventCountry "GER"]
[SourceTitle "Corr 2013"]
[Source "ChessBase"]
[SourceDate "2012.11.12"]
[SourceVersion "1"]
[SourceVersionDate "2012.11.12"]
[SourceQuality "1"]

1. g3 e5 2. Bg2 Nc6 3. d3 d5 4. Nf3 Nf6 5. Bg5 Be6 6. 0-0 h6 7. Bxf6 Qxf6 8. Re1 e4 9. c3 exf3 10. Bxf3 0-0-0 11. e4 d4 12. a4 h5 0-1

[Event "Balatonlelle op 26th"]
[Site "Balatonlelle"]
[Date "2008.06.19"]
[Round "4.13"]
[White "Swinkels, Robin"]
[Black "Wolter, Michael"]
[Result "1-0"]
[WhiteElo "2448"]
[BlackElo "2219"]
[PlyCount "65"]
[EventDate "2008.06.14"]
[EventType "swiss"]
[EventRounds "9"]
[EventCountry "HUN"]
[SourceTitle "CBM 125 Extra"]
[Source "ChessBase"]
[SourceDate "2008.09.01"]
[SourceVersion "1"]
[SourceVersionDate "2008.09.01"]
[SourceQuality "1"]

1. e4 e6 2. d4 d5 3. Nc3 Nf6 4. Bg5 Bb4 5. e5 h6 6. Bd2 Bxc3 7. bxc3 Ne4 8. Qg4 g6 9. Bd3 Nxd2 10. Kxd2 c5 11. h4 Nc6 12. Qf4 cxd4 13. cxd4 Qa5+ 14. c3 b6 15. h5 gxh5 16. Ne2 Ba6 17. Qf6 Rf8 18. Bxa6 Qxa6 19. Rxh5 Qa3 20. Ke1 Qb2 21. Rd1 Qxa2 22. Rxh6 Qa3 23. f4 Qe7 24. f5 Qxf6 25. Rxf6 Nd8 26. Nf4 Rc8 27. Kd2 Rg8 28. Rh1 exf5 29. Nxd5 Rxg2+ 30. Ke3 Rg3+ 31. Kf4 Rg2 32. Rh8+ Kd7 33. Rd6# 1-0

[Event "Oberliga Nord N 0708"]
[Site "Germany"]
[Date "2008.04.20"]
[Round "9.5"]
[White "Seidel, Knut"]
[Black "Wolter, Michael"]
[Result "1/2-1/2"]
[WhiteElo "2159"]
[BlackElo "2219"]
[PlyCount "120"]
[EventDate "2007.10.21"]
[EventType "team-tourn"]
[EventRounds "9"]
[EventCountry "GER"]
[SourceTitle "EXT 2009"]
[Source "ChessBase"]
[SourceDate "2008.11.26"]
[SourceVersion "1"]
[SourceVersionDate "2008.11.26"]
[SourceQuality "1"]
[WhiteTeam "Hamburg Schachfreunde"]
[BlackTeam "Koenigsspringer"]
[WhiteTeamCountry "GER"]
[BlackTeamCountry "GER"]

1. d4 e6 2. Nf3 c5 3. e3 Nf6 4. c4 cxd4 5. exd4 Bb4+ 6. Nc3 d5 7. Qb3 Qa5 8. Bd2 0-0 9. a3 Nc6 10. Rc1 Bxc3 11. Bxc3 Qc7 12. Bd3 dxc4 13. Qxc4 Bd7 14. 0-0 Rac8 15. d5 exd5 16. Qh4 Ne4 17. Bxg7 Rfe8 18. Bh6 Qd6 19. Bf4 Qg6 20. Rc5 Nd4 21. Nxd4 Rxc5 22. f3 Qf6 23. Qxf6 Nxf6 24. Bd6 Rec8 25. Kf2 a6 26. g4 Be6 27. Nf5 Bxf5 28. Bxf5 R5c6 29. Bb4 d4 30. Rd1 Nd5 31. Rxd4 Nxb4 32. Rxb4 b5 33. Rd4 Kg7 34. h4 Rb8 35. Be4 Rc7 36. Rd6 Ra7 37. Ke3 h6 38. Kf4 Re8 39. Rb6 Rd8 40. g5 hxg5+ 41. Kxg5 Rh8 42. h5 f6+ 43. Kg4 Rd8 44. Kf5 Rh8 45. Kg4 Rd8 46. h6+ Kxh6 47. Rxf6+ Kg7 48. Rg6+ Kf8 49. Rh6 Rdd7 50. Kf5 Kg7 51. Kg5 Re7 52. Bf5 Rf7 53. Bg6 Rfd7 54. f4 Kg8 55. f5 Rd5 56. Kf4 Rd2 57. f6 Rad7 58. f7+ Rxf7+ 59. Bxf7+ Kxf7 60. b4 a5 1/2-1/2

[Event "Oberliga Nord N 0708"]
[Site "Germany"]
[Date "2007.11.04"]
[Round "2.6"]
[White "Wolter, Michael"]
[Black "Jeske, Eckhard"]
[Result "0-1"]
[WhiteElo "2219"]
[BlackElo "2176"]
[PlyCount "232"]
[EventDate "2007.10.21"]
[EventType "team-tourn"]
[EventRounds "9"]
[EventCountry "GER"]
[SourceTitle "EXT 2009"]
[Source "ChessBase"]
[SourceDate "2008.11.26"]
[SourceVersion "1"]
[SourceVersionDate "2008.11.26"]
[SourceQuality "1"]
[WhiteTeam "Koenigsspringer"]
[BlackTeam "Rostock"]
[WhiteTeamCountry "GER"]
[BlackTeamCountry "GER"]

1. d4 Nf6 2. Nf3 d5 3. c4 c6 4. Nc3 g6 5. e3 Bg7 6. Bd3 0-0 7. 0-0 Nbd7 8. cxd5 cxd5 9. b3 a6 10. a4 Re8 11. Bb2 e5 12. dxe5 Nxe5 13. Be2 Nc6 14. Rc1 Be6 15. Nb1 Rc8 16. Nd4 Qd7 17. Nxc6 Rxc6 18. Rxc6 Qxc6 19. Nd2 Rc8 20. Bd3 Ne4 21. Bxg7 Kxg7 22. Nf3 Qc3 23. Bxe4 dxe4 24. Nd4 Bd7 25. h3 Kg8 26. Qb1 b5 27. Qxe4 bxa4 28. bxa4 Bxa4 29. Qb7 a5 30. Ne2 Qc6 31. Qa7 Qa8 32. Qd4 Bb5 33. Re1 Bxe2 34. Rxe2 Qb7 35. Qa1 Ra8 36. Ra2 Qb5 37. Ra4 Ra7 38. g3 Ra8 39. Kh2 h5 40. h4 Qf5 41. Kg2 Qb5 42. Kh2 Qd5 43. Qb2 Kh7 44. Qb6 Kg8 45. Qc7 Qb5 46. Rf4 Qe8 47. Qc4 a4 48. Rf6 Kg7 49. Qc3 Qf8 50. Rd6+ Kg8 51. Rd2 a3 52. Ra2 Qd6 53. Qb3 Qa6 54. Kg1 Qc6 55. Kh2 Qf3 56. Rd2 Qc6 57. Ra2 Qc1 58. Kg2 Qc5 59. Kh2 Kf8 60. Ra1 Qa5 61. Ra2 Qa4 62. Qc3 Kg8 63. Kg2 Ra6 64. Rd2 Ra8 65. Ra2 Qe4+ 66. Kh2 Rb8 67. Qxa3 Kh7 68. Ra1 Rc8 69. Qa2 Qf5 70. Rf1 Rc2 71. Qa7 Qf3 72. Kg1 Rc4 73. Qb8 Rg4 74. Rc1 Ra4 75. Qc7 Ra2 76. Rf1 Rd2 77. Qc3 Rd6 78. Qb4 Rf6 79. Qb1 Qg4 80. Qd1 Qh3 81. Qe2 Re6 82. Qf3 Kg7 83. Rd1 Rf6 84. Qg2 Qg4 85. Rd4 Qe2 86. Rf4 Rd6 87. Qf3 Rd1+ 88. Kh2 Qxf3 89. Rxf3 f6 90. Kg2 Rd2 91. Rf4 Kf7 92. Rd4 Rb2 93. Rd7+ Ke6 94. Rg7 Kf5 95. Kf3 Rb3 96. Kg2 Rb4 97. f3 Rb2+ 98. Kh3 Rb3 99. e4+ Ke5 100. Rxg6 Rb7 101. f4+ Kxe4 102. Rxf6 Rb1 103. Ra6 Rh1+ 104. Kg2 Rb1 105. Ra2 Kf5 106. Kf2 Kg4 107. Re2 Rb3 108. Re3 Rb2+ 109. Ke1 Rg2 110. Kd1 Kf5 111. Ke1 Ra2 112. Kf1 Rb2 113. Kg1 Ra2 114. Re5+ Kg4 115. f5 Kxg3 116. f6 Ra1+ 0-1

[Event "Budapest Spring op 21st"]
[Site "Budapest"]
[Date "2005.03.20"]
[Round "3"]
[White "Korpics, Zsolt"]
[Black "Wolter, Michael"]
[Result "1-0"]
[WhiteElo "2349"]
[BlackElo "2193"]
[PlyCount "69"]
[EventDate "2005.03.18"]
[EventType "swiss"]
[EventRounds "9"]
[EventCountry "HUN"]
[SourceTitle "CBM 105 Extra"]
[Source "ChessBase"]
[SourceDate "2005.05.01"]
[SourceVersion "1"]
[SourceVersionDate "2005.05.01"]
[SourceQuality "1"]

1. d4 d5 2. c4 e6 3. Nf3 Nf6 4. g3 Be7 5. Bg2 0-0 6. 0-0 b6 7. Nc3 Bb7 8. Ne5 Na6 9. cxd5 exd5 10. Bf4 c5 11. Rc1 cxd4 12. Qxd4 Bc5 13. Qd2 Re8 14. Nd3 Be7 15. Nb5 Ne4 16. Qd1 g5 17. Be5 f6 18. Bd4 Qd7 19. a4 Bc6 20. e3 Bxb5 21. axb5 Qxb5 22. h4 Nac5 23. Nxc5 bxc5 24. Bxc5 Rad8 25. Bxe7 Rxe7 26. hxg5 Qxb2 27. Bxe4 Rxe4 28. Rc5 Qe5 29. gxf6 Qxf6 30. Rxd5 Rde8 31. Rd7 Qg6 32. Qd5+ Kh8 33. Kg2 R4e5 34. Qd4 Qc6+ 35. Kg1 1-0

[Event "Budapest Spring op 20th"]
[Site "Budapest"]
[Date "2004.03.24"]
[Round "6"]
[White "Szabo, Balazs"]
[Black "Wolter, Michael"]
[Result "1-0"]
[WhiteElo "2151"]
[BlackElo "2210"]
[PlyCount "87"]
[EventDate "2004.03.18"]
[EventType "swiss"]
[EventRounds "9"]
[EventCountry "HUN"]
[SourceTitle "EXT 2005"]
[Source "ChessBase"]
[SourceDate "2004.11.15"]
[SourceVersion "1"]
[SourceVersionDate "2004.11.15"]
[SourceQuality "1"]

1. d4 d5 2. c4 e6 3. Nc3 Be7 4. Nf3 Nf6 5. Bf4 0-0 6. e3 Nbd7 7. Be2 c5 8. dxc5 Nxc5 9. cxd5 Nxd5 10. Nxd5 exd5 11. Be5 Bf6 12. Bxf6 Qxf6 13. Qd4 Qxd4 14. Nxd4 Be6 15. 0-0 Na4 16. Rab1 a6 17. Rfd1 Rac8 18. Rd2 Rc7 19. Bd1 b5 20. Bxa4 bxa4 21. f3 Rb8 22. a3 Kf8 23. Kf2 Rc5 24. Rbd1 Rb7 25. Re1 Bd7 26. h4 h5 27. Kg3 f6 28. Kf4 Kf7 29. Ree2 Bb5 30. Rf2 g6 31. Rc2 Bc4 32. Ne2 Rbc7 33. Nc3 Bb3 34. Rcd2 Rc4+ 35. Kg3 Rxc3 36. bxc3 Rxc3 37. Kf4 Bc4 38. Rd4 g5+ 39. hxg5 fxg5+ 40. Kxg5 Rxe3 41. Rb2 Rxa3 42. Rb6 Rb3 43. Rf4+ Ke7 44. Rh6 1-0

[Event "Budapest Spring op 19th"]
[Site "Budapest"]
[Date "2003.03.20"]
[Round "7"]
[White "Wolter, Michael"]
[Black "Wilke, Werner"]
[Result "1/2-1/2"]
[WhiteElo "2209"]
[BlackElo "2275"]
[PlyCount "59"]
[EventDate "2003.03.14"]
[EventType "swiss"]
[EventRounds "9"]
[EventCountry "HUN"]
[SourceTitle "CBM 093 Extra"]
[Source "ChessBase"]
[SourceDate "2003.05.09"]
[SourceVersion "1"]
[SourceVersionDate "2003.05.09"]
[SourceQuality "1"]

1. d4 d5 2. Nf3 Nc6 3. g3 Bf5 4. Bg2 e6 5. 0-0 Nf6 6. Bf4 Bd6 7. Bxd6 Qxd6 8. Nbd2 0-0 9. c3 h6 10. h3 Bh7 11. e3 Rab8 12. a4 a5 13. Re1 b5 14. axb5 Rxb5 15. b3 Rb7 16. Qc1 Rfb8 17. Ne5 Nxe5 18. dxe5 Qxe5 19. Rxa5 Ne4 20. Nxe4 Bxe4 21. Bxe4 Qxe4 22. b4 Rb5 23. Rxb5 Rxb5 24. Qd2 Rb6 25. Ra1 Rc6 26. Ra8+ Kh7 27. Kh2 Qf3 28. Kg1 Qf6 29. Ra3 Qf5 30. Kh2 1/2-1/2

[Event "Budapest Spring op 19th"]
[Site "Budapest"]
[Date "2003.03.19"]
[Round "6"]
[White "Chereches, Marius"]
[Black "Wolter, Michael"]
[Result "1/2-1/2"]
[WhiteElo "2291"]
[BlackElo "2209"]
[PlyCount "94"]
[EventDate "2003.03.14"]
[EventType "swiss"]
[EventRounds "9"]
[EventCountry "HUN"]
[SourceTitle "CBM 093 Extra"]
[Source "ChessBase"]
[SourceDate "2003.05.09"]
[SourceVersion "1"]
[SourceVersionDate "2003.05.09"]
[SourceQuality "1"]

1. e4 e6 2. d4 d5 3. Nc3 dxe4 4. Nxe4 Nd7 5. Nf3 Ngf6 6. Bg5 h6 7. Bxf6 Nxf6 8. Nxf6+ Qxf6 9. Qd2 Bd6 10. Bd3 0-0 11. 0-0 c5 12. c3 cxd4 13. cxd4 b6 14. Be4 Ba6 15. Bxa8 Bxf1 16. Kxf1 Rxa8 17. Qc3 Qd8 18. Rc1 Bf4 19. Rc2 Qd5 20. Qc6 Rd8 21. Qxd5 Rxd5 22. Rc8+ Kh7 23. g3 Bd6 24. Rd8 Kg6 25. Ke2 Bc7 26. Rxd5 exd5 27. Ne1 Kf5 28. Nc2 h5 29. Nb4 Ke6 30. f4 h4 31. Kf3 hxg3 32. hxg3 g6 33. a4 a5 34. Nc6 f6 35. g4 g5 36. fxg5 fxg5 37. Ke3 Bf4+ 38. Kd3 Bc7 39. Na7 Bf4 40. Nb5 Bb8 41. Nc3 Bf4 42. Ne2 Bd6 43. Ng1 Bf4 44. Nh3 Bc1 45. b3 Kf6 46. Ng1 Bf4 47. Nf3 Bd6 1/2-1/2

[Event "Budapest Spring op 19th"]
[Site "Budapest"]
[Date "2003.03.16"]
[Round "3"]
[White "Trajber, Csaba"]
[Black "Wolter, Michael"]
[Result "0-1"]
[WhiteElo "2052"]
[BlackElo "2209"]
[PlyCount "56"]
[EventDate "2003.03.14"]
[EventType "swiss"]
[EventRounds "9"]
[EventCountry "HUN"]
[SourceTitle "CBM 093 Extra"]
[Source "ChessBase"]
[SourceDate "2003.05.09"]
[SourceVersion "1"]
[SourceVersionDate "2003.05.09"]
[SourceQuality "1"]

1. e4 e6 2. d4 d5 3. Nc3 Nf6 4. Bg5 Bb4 5. e5 h6 6. Bd2 Bxc3 7. bxc3 Ne4 8. Qg4 g6 9. Bd3 Nxd2 10. Kxd2 c5 11. h4 Nc6 12. Rh3 cxd4 13. cxd4 Qb6 14. Ne2 Qb4+ 15. Ke3 Nxe5 16. Qf4 Nxd3 17. Qf6 Rf8 18. cxd3 Qe7 19. Qe5 Bd7 20. Rhh1 Bc6 21. a4 f6 22. Qg3 g5 23. Nc3 e5 24. Kd2 Qb4 25. Rab1 Qxd4 26. Ne2 Qxa4 27. hxg5 Qa2+ 28. Kc1 Ba4 0-1

[Event "Budapest Spring op 19th"]
[Site "Budapest"]
[Date "2003.03.15"]
[Round "2"]
[White "Wolter, Michael"]
[Black "Kayar, Mehmet Erdem"]
[Result "1/2-1/2"]
[WhiteElo "2209"]
[BlackElo "2050"]
[PlyCount "38"]
[EventDate "2003.03.14"]
[EventType "swiss"]
[EventRounds "9"]
[EventCountry "HUN"]
[SourceTitle "CBM 093 Extra"]
[Source "ChessBase"]
[SourceDate "2003.05.09"]
[SourceVersion "1"]
[SourceVersionDate "2003.05.09"]
[SourceQuality "1"]

1. d4 Nf6 2. Nf3 c5 3. e3 e6 4. Be2 b6 5. 0-0 Be7 6. b3 0-0 7. Bb2 Bb7 8. c4 cxd4 9. exd4 d5 10. Nbd2 Nbd7 11. Rc1 Rc8 12. Re1 Rc7 13. a3 Qa8 14. Bf1 Rfc8 15. Qe2 h6 16. Qe3 Bf8 17. h3 g6 18. Bd3 Bg7 19. Bf1 Kh7 1/2-1/2

[Event "Budapest Spring op 18th"]
[Site "Budapest"]
[Date "2002.03.20"]
[Round "6"]
[White "Wolter, Michael"]
[Black "Varga, Csaba"]
[Result "1-0"]
[WhiteElo "2211"]
[BlackElo "2089"]
[PlyCount "103"]
[EventDate "2002.03.15"]
[EventType "swiss"]
[EventRounds "9"]
[EventCountry "HUN"]
[SourceTitle "CBM 087 Extra"]
[Source "ChessBase"]
[SourceDate "2002.05.03"]
[SourceVersion "2"]
[SourceVersionDate "2002.08.09"]
[SourceQuality "1"]

1. d4 Nf6 2. Nf3 g6 3. g3 Bg7 4. Bg2 0-0 5. 0-0 d6 6. c4 Nbd7 7. Qc2 e5 8. Rd1 Qe7 9. e4 exd4 10. Nxd4 Nc5 11. Nc3 a5 12. Bg5 c6 13. Rd2 Ne6 14. Nxe6 Bxe6 15. b3 h6 16. Bf4 Rfd8 17. Rad1 Ne8 18. Na4 b5 19. cxb5 cxb5 20. Nb6 Rab8 21. Nd5 Bxd5 22. Rxd5 g5 23. Be3 Nf6 24. R5d2 Ng4 25. Bd4 Ne5 26. Bxe5 Bxe5 27. Bh3 h5 28. Bf5 Kg7 29. Rd5 g4 30. Qe2 Rh8 31. Rxb5 Rbg8 32. Rxa5 Kf6 33. Qe3 Qc7 34. Ra7 Qc2 35. Qd2 Qxd2 36. Rxd2 h4 37. Kf1 Kg5 38. Rxf7 Rh6 39. Rh7 Rxh7 40. Bxh7 Rc8 41. Ke2 h3 42. Kd1 Rc3 43. Bg8 Rf3 44. Bc4 Bc3 45. Rc2 Bd4 46. Ke2 Kf6 47. Kf1 Ke5 48. a4 Kxe4 49. Be6 Kd3 50. Ra2 Rf6 51. Bxg4 d5 52. Bxh3 1-0

[Event "Budapest Spring op 18th"]
[Site "Budapest"]
[Date "2002.03.19"]
[Round "5"]
[White "Berczes, David"]
[Black "Wolter, Michael"]
[Result "1-0"]
[WhiteElo "2146"]
[BlackElo "2211"]
[PlyCount "65"]
[EventDate "2002.03.15"]
[EventType "swiss"]
[EventRounds "9"]
[EventCountry "HUN"]
[SourceTitle "CBM 087 Extra"]
[Source "ChessBase"]
[SourceDate "2002.05.03"]
[SourceVersion "2"]
[SourceVersionDate "2002.08.09"]
[SourceQuality "1"]

1. d4 e6 2. Nf3 Nf6 3. Bg5 Be7 4. e3 d5 5. Bd3 b6 6. 0-0 Bb7 7. Ne5 h6 8. Bh4 Nfd7 9. Bxe7 Qxe7 10. f4 c5 11. c3 Nxe5 12. fxe5 Nd7 13. Nd2 0-0 14. Qg4 f5 15. exf6 Rxf6 16. Rxf6 Nxf6 17. Qg3 Rf8 18. Nf3 Ne4 19. Bxe4 dxe4 20. Ne5 Qe8 21. Qg6 Qe7 22. Qg3 Qe8 23. dxc5 bxc5 24. Rd1 Bd5 25. c4 Qh5 26. Rd2 Ba8 27. Nd7 Rf7 28. Qb8+ Kh7 29. Qxa8 Qf5 30. h3 g6 31. Qb8 Qf1+ 32. Kh2 Qe1 33. Nf8+ 1-0

[Event "Dresden ZMD op"]
[Site "Dresden"]
[Date "2002.??.??"]
[Round "2"]
[White "Wolter, Michael"]
[Black "Meier, Volker"]
[Result "0-1"]
[WhiteElo "2210"]
[BlackElo "2290"]
[PlyCount "80"]
[EventDate "2002.07.18"]
[EventType "swiss"]
[EventRounds "9"]
[EventCountry "GER"]
[SourceTitle "EXT 2003"]
[Source "ChessBase"]
[SourceDate "2002.11.25"]
[SourceVersion "1"]
[SourceVersionDate "2002.11.25"]
[SourceQuality "1"]

1. d4 Nf6 2. Nf3 e6 3. g3 b6 4. Bg2 Bb7 5. 0-0 c5 6. c4 cxd4 7. Qxd4 d6 8. Nc3 a6 9. b3 Nbd7 10. Bb2 Be7 11. Rfe1 0-0 12. Qd2 Qc7 13. e4 Rfe8 14. Rac1 Rad8 15. Qc2 Bf8 16. Nd4 g6 17. Qb1 Qb8 18. Rcd1 Qa8 19. Re2 Nc5 20. Rde1 Bg7 21. h3 Nfd7 22. Rd1 f5 23. b4 Nxe4 24. Nxe4 fxe4 25. Bxe4 Ne5 26. Rde1 Bxe4 27. Rxe4 Nxc4 28. Nxe6 Nd2 29. Nxd8 Rxe4 30. Rxe4 Qxd8 31. Qc2 Nxe4 32. Bxg7 Nxf2 33. Bd4 Nxh3+ 34. Kh2 Ng5 35. Qf2 Qd7 36. Qg2 d5 37. Bxb6 Qf5 38. Bc5 Nf3+ 39. Kh1 Qh5+ 40. Qh3 Qxh3# 0-1

[Event "BL2-Nord 9900"]
[Site "Germany"]
[Date "1999.11.07"]
[Round "2.8"]
[White "Wolter, Michael"]
[Black "Epple, Dennis"]
[Result "1/2-1/2"]
[WhiteElo "2210"]
[BlackElo "2150"]
[PlyCount "75"]
[EventDate "1999.10.10"]
[EventType "team-tourn"]
[EventRounds "9"]
[EventCountry "GER"]
[SourceTitle "CBM 074 Extra"]
[Source "ChessBase"]
[SourceDate "2000.03.10"]
[SourceVersion "2"]
[SourceVersionDate "2000.03.10"]
[SourceQuality "1"]
[WhiteTeam "Hamburg Koenigsspringer"]
[BlackTeam "Kreuzberg"]
[WhiteTeamCountry "GER"]
[BlackTeamCountry "GER"]

1. Nf3 d5 2. e3 Nf6 3. c4 c6 4. b3 g6 5. Bb2 Bg7 6. Be2 0-0 7. 0-0 b6 8. d4 Nbd7 9. Nc3 Bb7 10. cxd5 cxd5 11. Rc1 Rc8 12. Qd3 Ne4 13. Qb1 Ndf6 14. Nxe4 Nxe4 15. Rxc8 Qxc8 16. Rc1 Qb8 17. Ba3 Bf6 18. Bd3 Rc8 19. Bxe4 dxe4 20. Nd2 Rxc1+ 21. Qxc1 e5 22. dxe5 Bxe5 23. h3 Qc7 24. Nc4 Bg7 25. Nd6 Qxc1+ 26. Bxc1 Bc6 27. Nc8 Bd7 28. Nxa7 Be5 29. a4 Bb8 30. Nb5 Bxb5 31. axb5 f5 32. Bb2 Kf7 33. Bd4 Bc7 34. f3 Ke6 35. fxe4 fxe4 36. g4 h5 37. Kf2 Kd5 38. Kg2 1/2-1/2

[Event "Schwarzach op-A"]
[Site "Schwarzach"]
[Date "1999.??.??"]
[Round "9"]
[White "Rolletschek, Heinrich"]
[Black "Wolter, Michael"]
[Result "1-0"]
[WhiteElo "2290"]
[BlackElo "2210"]
[PlyCount "87"]
[EventDate "1999.08.??"]
[EventType "swiss"]
[EventRounds "9"]
[EventCountry "AUT"]
[SourceTitle "EXT 2000"]
[Source "ChessBase"]
[SourceDate "1999.11.16"]
[SourceVersion "1"]
[SourceVersionDate "1999.11.16"]
[SourceQuality "1"]

1. e4 e6 2. d3 d5 3. Nd2 Nf6 4. Ngf3 dxe4 5. dxe4 Bc5 6. Bc4 Nc6 7. 0-0 e5 8. c3 a5 9. Qe2 0-0 10. Rd1 Qe7 11. Nf1 Ng4 12. Bg5 Bxf2+ 13. Qxf2 Nxf2 14. Bxe7 Nxd1 15. Bxf8 Nxb2 16. Bb5 Na7 17. Ba3 Nxb5 18. Bxb2 f6 19. c4 Nd6 20. N3d2 Be6 21. Rc1 Rd8 22. Kf2 Nc8 23. Ke3 Nb6 24. h3 Na4 25. Ba3 Rd4 26. Ke2 g6 27. Ne3 Kf7 28. Nd1 f5 29. Nb2 Nb6 30. Bc5 Rd8 31. Bxb6 cxb6 32. Na4 fxe4 33. Nxe4 Bf5 34. Nxb6 Rd4 35. Nf2 Ke7 36. Rd1 Kd6 37. Rxd4+ exd4 38. Nd3 Be6 39. Nf4 Bf7 40. Kd3 Kc5 41. Nd7+ Kd6 42. Nf6 Ke5 43. N4d5 g5 44. Ng4+ 1-0

[Event "Dresden op 06th"]
[Site "Dresden"]
[Date "1997.??.??"]
[Round "8"]
[White "Rausch, Stephan"]
[Black "Wolter, Michael"]
[Result "0-1"]
[WhiteElo "2350"]
[BlackElo "2185"]
[PlyCount "58"]
[EventDate "1997.07.??"]
[EventType "swiss"]
[EventRounds "9"]
[EventCountry "GER"]
[SourceTitle "EXT 1998"]
[Source "ChessBase"]
[SourceDate "1997.11.17"]
[SourceVersion "1"]
[SourceVersionDate "1997.11.17"]
[SourceQuality "1"]

1. d4 e6 2. c4 Nf6 3. Nc3 c5 4. Nf3 cxd4 5. Nxd4 Bb4 6. Qc2 0-0 7. a3 Bxc3+ 8. Qxc3 d5 9. Bg5 e5 10. Nf3 d4 11. Qc2 Re8 12. Nd2 h6 13. Bxf6 Qxf6 14. e3 dxe3 15. fxe3 Bf5 16. Qb3 Nd7 17. Qxb7 Rab8 18. Qxa7 Rxb2 19. e4 Bg4 20. Rb1 Rxd2 21. Kxd2 Qd6+ 22. Ke1 Nc5 23. Qb6 Qd4 24. Rb3 Qd1+ 25. Kf2 Nxb3 26. h3 Be6 27. Rg1 Qd4+ 28. Qxd4 exd4 29. Bd3 Ra8 0-1

[Event "Dresden op 06th"]
[Site "Dresden"]
[Date "1997.??.??"]
[Round "6"]
[White "Wolter, Michael"]
[Black "Hoffmann, Hendrik"]
[Result "0-1"]
[WhiteElo "2185"]
[BlackElo "2265"]
[PlyCount "48"]
[EventDate "1997.07.??"]
[EventType "swiss"]
[EventRounds "9"]
[EventCountry "GER"]
[SourceTitle "EXT 1998"]
[Source "ChessBase"]
[SourceDate "1997.11.17"]
[SourceVersion "1"]
[SourceVersionDate "1997.11.17"]
[SourceQuality "1"]

1. d4 Nf6 2. Nf3 g6 3. g3 Bg7 4. Bg2 0-0 5. 0-0 d6 6. c4 Nc6 7. Nc3 a6 8. h3 Rb8 9. Qc2 Nd7 10. d5 Na5 11. b3 c5 12. dxc6 bxc6 13. e4 c5 14. Re1 Nc6 15. Bb2 Nd4 16. Qd2 Nxf3+ 17. Bxf3 Ne5 18. Bg2 Bxh3 19. f4 Bxg2 20. Kxg2 Nc6 21. Rh1 Nd4 22. Rh3 f5 23. exf5 Rxf5 24. g4 Rf7 0-1